000 00394nam a2200157Ia 4500
008 210716s2006 xx 000 0 und d
020 _a0070601593
041 _aeng
082 _a659.1 DUNT
100 _aDuncan, Tom.
245 _aAdvertising and IMC.
250 _a2
260 _aNew Delhi
_bTata McGraw Hill Publishing Company Ltd
_c2006
300 _axxii,733
650 _aAdvertising
999 _c202122
_d202122